000 00240nam a2200097Ia 4500
001 734566
005 20250826163836.0
008 250824s9999 xx 000 0 und d
245 0 _aTÜRKÇE SÖZCÜK
_cEROL YILDIZ
260 _bKARATAY YAYINLARI
999 _c734566
_d734566